Harry Potter Patronus Charms - Statistics

General Stats
  • This quiz has been taken 31,022 times
  • The average score is 8 of 15
Answer Stats
Character Patronus % Correct
Harry and James Potter Stag
91%
Hermione Granger Otter
82%
Dolores Umbridge Cat
77%
Lily Evans and Severus Snape Doe
74%
Albus Dumbledore Phoenix
65%
Luna Lovegood Hare
64%
Nymphadora Tonks Wolf
51%
Ginny Weasley Horse
46%
Ron Weasley (be specific) Jack Russell Terrier
43%
Aberforth Dumbledore Goat
42%
Arthur Weasley Weasel
32%
Cho Chang Swan
29%
Kingsley Shackelbolt Lynx
28%
Seamus Finnigan Fox
26%
Ernie Macmillan Boar
14%
No matching quizzes found
Score Distribution
Percent of People with Each Score
Percentile by Number Answered
Your Score History
You have not taken this quiz